000 00842nam a2200133 4500
008 240228b |||||||| |||| 00| 0 eng d
082 _a305.42
_bVIV
245 _aவிவரணப் பத்திரம்- மறைக்கப்பட்ட உண்மை :
_bபுத்தளம் மற்றும் மட்டக்களப்பில் உள்ள காசி நீதிமன்றங்களில் முஸ்லிம் பெண்களுக்கு பாரபட்சங்கள்
246 _aVivaraṇap pattiram- Maṟaikkappaṭṭa uṇmai:
_bPuttaḷam maṟṟum maṭṭakkaḷappil uḷḷa kazi nītimaṉṟaṅkaḷil muslim peṇkaḷukku pārapaṭcaṅkaḷ
260 _aColombo :
_bFokus women,
_c2016
300 _a46 p.
650 _aDISCRIMINATION AGAINST WOMEN
942 _cRP
999 _c4826
_d4826